<?xml version="1.0" encoding="UTF-8"?>
<record
    xmlns:xsi="http://www.w3.org/2001/XMLSchema-instance"
    xsi:schemaLocation="http://www.loc.gov/MARC21/slim http://www.loc.gov/standards/marcxml/schema/MARC21slim.xsd"
    xmlns="http://www.loc.gov/MARC21/slim">

  <leader>00420pam a2200145 a 4500</leader>
  <datafield tag="020" ind1=" " ind2=" ">
    <subfield code="a">1559347724</subfield>
  </datafield>
  <datafield tag="040" ind1=" " ind2=" ">
    <subfield code="c">DLC</subfield>
  </datafield>
  <datafield tag="082" ind1="0" ind2="0">
    <subfield code="a">302 MAY 1999 A011 Or. </subfield>
  </datafield>
  <datafield tag="100" ind1="1" ind2=" ">
    <subfield code="a">Keyton, Joann.</subfield>
  </datafield>
  <datafield tag="245" ind1="1" ind2="0">
    <subfield code="a">Group communication :</subfield>
    <subfield code="b">process and analysis /</subfield>
  </datafield>
  <datafield tag="260" ind1=" " ind2=" ">
    <subfield code="a">Mountain View, Calif. :</subfield>
    <subfield code="b">Mayfield Pub. Co.,</subfield>
    <subfield code="c">c1999.</subfield>
  </datafield>
  <datafield tag="300" ind1=" " ind2=" ">
    <subfield code="a">xvi, 436, [28] p. :</subfield>
    <subfield code="b">ill. ;</subfield>
    <subfield code="c">24 cm.</subfield>
  </datafield>
  <datafield tag="650" ind1=" " ind2="0">
    <subfield code="a">Communication in small groups.</subfield>
  </datafield>
  <datafield tag="942" ind1=" " ind2=" ">
    <subfield code="c">EK</subfield>
  </datafield>
  <datafield tag="999" ind1=" " ind2=" ">
    <subfield code="c">13650</subfield>
    <subfield code="d">13650</subfield>
  </datafield>
  <datafield tag="952" ind1=" " ind2=" ">
    <subfield code="0">0</subfield>
    <subfield code="1">0</subfield>
    <subfield code="4">0</subfield>
    <subfield code="6">302_000000000000000_MAY_1999_A011_OR</subfield>
    <subfield code="7">0</subfield>
    <subfield code="9">64859</subfield>
    <subfield code="a">LBA</subfield>
    <subfield code="b">LBA</subfield>
    <subfield code="c">A011</subfield>
    <subfield code="d">2017-08-29</subfield>
    <subfield code="o">302 MAY 1999 A011 Or.</subfield>
    <subfield code="p">A19871</subfield>
    <subfield code="r">2017-08-29</subfield>
    <subfield code="w">2017-08-29</subfield>
    <subfield code="y">EK</subfield>
  </datafield>
  <datafield tag="952" ind1=" " ind2=" ">
    <subfield code="0">0</subfield>
    <subfield code="1">0</subfield>
    <subfield code="4">0</subfield>
    <subfield code="6">302_000000000000000_MAY_1999_A066_OR</subfield>
    <subfield code="7">0</subfield>
    <subfield code="9">66238</subfield>
    <subfield code="a">LBA</subfield>
    <subfield code="b">LBA</subfield>
    <subfield code="c">A066</subfield>
    <subfield code="d">2017-10-10</subfield>
    <subfield code="l">1</subfield>
    <subfield code="o">302 MAY 1999 A066 Or.</subfield>
    <subfield code="p">A16461</subfield>
    <subfield code="r">2023-08-07</subfield>
    <subfield code="s">2023-07-14</subfield>
    <subfield code="y">EK</subfield>
  </datafield>
  <datafield tag="952" ind1=" " ind2=" ">
    <subfield code="0">0</subfield>
    <subfield code="1">0</subfield>
    <subfield code="4">0</subfield>
    <subfield code="6">302_000000000000000_MAY_1999_A067_OR</subfield>
    <subfield code="7">0</subfield>
    <subfield code="9">66239</subfield>
    <subfield code="a">LBA</subfield>
    <subfield code="b">LBA</subfield>
    <subfield code="c">A067</subfield>
    <subfield code="d">2017-10-10</subfield>
    <subfield code="o">302 MAY 1999 A067 Or.</subfield>
    <subfield code="p">A13471</subfield>
    <subfield code="r">2017-10-10</subfield>
    <subfield code="y">EK</subfield>
  </datafield>
</record>
